000 00953nam a2200289 i 4500
001 C2-0212580
003 PPAK
005 20180728103340.0
008 990405s1995 my a|||| ||||| | eng d
020 _a9837202343
040 _aPPAK
_beng
_cPPAK
_erda
082 0 4 _a658.4063
_2 23
090 0 0 _a658.4063
_bBEN
_dG
100 1 _aBennis, Warren,
_eauthor
245 1 4 _aThe 21st century organization :
_breinventing through reengineering
264 1 _aKuala Lumpur :
_bGolden Books Centre ,
_c1995
300 _axi, 116 pages :
_billustrations ;
_c26 cm
336 _2rdacontent
_atext
337 _2rdamedia
_aunmediated
338 _2rdacarrier
_avolume
490 1 _aWarren Bennis executive briefing series
500 _aIncludes bibliographical references (p. 13-114) and index
650 1 0 _aOrganizational change ; Corporate reorganizations
700 _eauthor
830 0 _aWarren Bennis executive briefing series
942 _ddc
_cB
999 _c158755
_d158755